المرجع القضائي في شرح أحكام القانون المدني / (Record no. 22395)

MARC details
000 -الفاتح
حقل البيانات ثابتة الطول 00789nam a22002295a 4500
003 - محدد رقم الضبط
رقم الضبط OSt
005 - وقت وتاريخ اخر تعامل مع التسجيلة
رقم الضبط 20160925153102.0
008 - عناصر البيانات ثابتة الطول - معلومات عامة
حقل البيانات ثابتة الطول 160925s2011 ua fr 000 0 ara d
015 ## -
-- 2010/16343
040 ## - مصدر الفهرسة
وكالة الفهرسة الأصلية EG-ScBUE
لغة الفهرسة ara
وكالة النسخ EG-ScBUE
043 ## - رمز المنطقة الجغرافية
رمز المنطقة الجغرافية f-ua---
082 04 - رقم تصنيف ديوى العشرى
رقم التصنيف 346.62
رقم المادة ع ب د
رقم الطبعة 22
100 1# - المدخل الرئيسى - إسم شخصى
الإسم الشخصى عبد الصادق، أحمد محمد.
9 (RLIN) 41207
245 14 - بيان العنوان
العنوان المرجع القضائي في شرح أحكام القانون المدني /
بيان المسئوليه,etc أحمد محمد عبد الصادق.
250 ## - بيان الطبعة
بيان الطبعة ط. 1.
260 ## - PUBLICATION, DISTRIBUTION, ETC. (IMPRINT)
مكان الناشر او الموزع [القاهرة] :
اسم الناشر او الموزع نادي مستشاري هيئة قضايا الدولة،
تاريخ النشر أو التوزيع 2011.
300 ## - الوصف المادى
التعداد 2 ج. ؛
أبعاد الوعاء 24 سم.
650 #7 - المدخل الاضافى بالموضوع-مصطلح موضوعى
مصطلح موضوعي أو اسم جغرافي كعنصر مدخل القانون المدني
التقسيم الفرعي الجغرافي مصر.
مصدر الرأس أو المصطلح BUEsh
9 (RLIN) 21750
651 ## - المدخل الاضافى بالموضوع - اسم جغرافى
مصدر الرأس أو المصطلح BUEsh
653 ## - مصطلح تكشيفى غير مقيد
Resource For college Law
Arrived date list September2016
942 ## - عناصر المدخل الإضافي( كوها)
مصدر التصنيف او مخطط الترفيف Dewey Decimal Classification
Holdings
حالة التراجع حالة الفقد مصدر التصنيف او خطة الترفيف تحديد مواد ( مجلدات مجمعه أو جزء أخر) حالة تلف ليس للاعارة مجموعات كوها المكان الدائم المكان الحالي موقع الترفيف تاريخ الاكتساب Source of acquisition سعر الشراء الطبيعي تعداد مسلسل / التسلسل الزمني رقم الاستدعاء الباركود Date last seen مُعار التكلفة تبصرة غير عامة( المفوع للعناصر المفقوده) نوع الوعاء تبصرة عامة
    Dewey Decimal Classification Repaired     دار الفكر العربي Central Library Central Library First floor 25/09/2016 Purchase 500.00 15887 346.62 ع ب د 000033681 06/04/2026 11/12/2022 625.00 price for 2 VOL. Book - Borrowing VOL. 1.
    Dewey Decimal Classification       دار الفكر العربي Central Library Central Library First floor 25/09/2016 Purchase 500.00 15887 346.62 ع ب د 000033682 15/07/2025 15/02/2022 625.00 price for 2 VOL. Book - Borrowing VOL. 2.